000 01750nam a2200337 i 4500
001 114643
003 ES-MaACL
005 20250818102649.0
007 t|
008 070316m19501974sp ||||1| spa d
080 _a016:94(460)"1474/1516"(093)
080 _a016:94(460.18)"1454/74"(093)
080 _a930.255(460.185 Simancas)
110 2 _aArchivo General de Simancas.
_91439
245 1 0 _aRegistro General del Sello /
_cpor Gonzalo Ortiz de Montalván ; introducción del Ilmo. Miguel Bordonau y Mas.
250 _aNueva ed. rev., reform. y preparada por María Asunción de Mendoza Lassalle.
260 _aValladolid :
_bAndrés Martín,
_c1950-1974.
300 _a12 v. ;
_c25 cm.
490 1 _aBiblioteca Reyes Católicos. Inventarios y catálogos ;
_v1-12
505 8 _aContiene: v. 1. 1454-1477 - v. 2. 1478-junio 1480 - v. 3. Julio 1480-diciembre 1484 - v. 4. Enero 1485-diciembre 1486 - v. 5. Enero 1487-diciembre 1488 - v. 6. Enero-diciembre 1489 - v. 7. Enero-diciembre 1490 - v. 8. Enero-diciembre 1491 - v. 9. Enero-diciembre 1492 - v. 10. Enero-diciembre 1493 - v. 11. Enero-diciembre 1494 - v. 12. Enero-diciembre 1495.
596 _aV. 11-12 ed. por Instituto Jerónimo Zurita.
610 2 4 _aArchivo General de Simancas-
_vCatálogos.
_91440
651 _aEspaña-
_xHistoria-
_y1474-1516, Reyes Católicos-
_vFuentes.
_98223
651 4 _aCastilla (Reino)-
_xHistoria-
_y1454-1474, Enrique IV
_97991
700 1 _aOrtíz de Montalván, Gonzalo.
_987600
700 1 _aBordonau Mas, Miguel.
_930417
700 1 _aMendoza Lassalle, María Asunción.
_980262
830 1 0 _aBiblioteca Reyes Católicos (Andrés Martín)
_v1-12
_9233256
852 _aES-MaACL
_jP-1045-Ter
999 _c114643
_d114643